000 00672nam a2200181 i 4500
001 102407
003 ES-MaACL
005 20230906183114.0
007 t|
008 051110s1958 sp ||||1| spa d
100 1 _aMerchant, Ival Arthur.
_980459
245 1 0 _aBacteriología y virología veterinarias /
_cProfesor I. A. Merchant... , Raymond Allen... ; versión española de la 5ª edición norteamericana por el Dr. Miguel Cordero del Campillo.
260 _aZaragoza :
_bAcribia,
_c1958.
300 _aVIII, 1034 p. ;
_c22 cm.
700 1 _aPacker, Raymond Allen.
_988156
700 1 _aCordero del Campillo, Miguel.
_940521
852 _aES-MaACL
_jC-14687
_bR.42558
999 _c102407
_d102407